| 000 | 00794cam a22002773a 4500 | ||
|---|---|---|---|
| 001 | 394 | ||
| 003 | PGUSA | ||
| 005 | 20230525152705.0 | ||
| 008 | 960101s1996||||xxu|||||s|||||000 1 eng d | ||
| 040 |
_aPGUSA _beng |
||
| 042 | _adc | ||
| 050 | 4 | _aPR | |
| 100 | 1 |
_aGaskell, Elizabeth Cleghorn, _d 1810-1865 |
|
| 245 | 1 | 0 |
_aCranford _h [electronic resource] / _cElizabeth Cleghorn Gaskell |
| 260 |
_bProject Gutenberg, _c1996 |
||
| 506 | _aPublic domain in the USA. | ||
| 516 | _aText | ||
| 653 | _aFemale friendship -- Fiction | ||
| 653 | _aSisters -- Fiction | ||
| 653 | _aVillages -- Fiction | ||
| 653 | _aPastoral fiction | ||
| 653 | _aOlder women -- Fiction | ||
| 653 | _aEngland -- Fiction | ||
| 830 | 0 |
_aProject Gutenberg _v 394 |
|
| 856 | 4 | 0 | _uhttp://www.gutenberg.org/ebooks/394 |
| 999 |
_c13751 _d13751 |
||